000 00687nam a2200205Ii 4500
003 JO-AjNU
008 230605s9999||||xx |||||||||||||| ||und||
040 _aJO-AjNU
_bara
_erda
_cJO-AjNU
041 _aara
050 1 4 _aPJ7700.N5.Z784 1984
100 3 _aتأليف بكار، يوسف حسين,
_eauthor
_941767
245 0 0 _aشعر إسماعيل بن اليسار
250 _aط1
264 3 1 _aبيروت:دار الأندلس،1984
300 _a63ص
_bيحتوي على كشاف:ص(59-62)
336 _atext
_btxt
_2rdacontent
337 _aunmediated
_bn
_2rdamedia
338 _avolume
_bnc
_2rdacarrier
650 4 _a الشعر الفارسي - تاريخ ونقد
_941768
999 _aA17834
_c21402
_d21402